000
00220 a2200097 4500
001
53487
100
_a
Mahmood, Safdar
245
_a
International affairs
260
_a
Lahore
_b
A.H. Publishers
_c
090
_c
33671
_d
33671
942
_a
NUST-CAE
_c
M
_c
26304
999
_c
288560
_d
288560